| 000 | 01772nam a2200385 i 4500 | ||
|---|---|---|---|
| 001 | 130006 | ||
| 003 | FINmELB | ||
| 005 | 20241217180228.0 | ||
| 006 | m o d | | ||
| 007 | cr cnu|||||||| | ||
| 008 | 230626s2023 xxu o 001 0 spa d | ||
| 020 |
_a9780311000449 _q(e-book) |
||
| 035 | _a(OCoLC)1390975284 | ||
| 040 |
_aFINmELB _bspa _erda _cFINmELB |
||
| 050 | 4 |
_aLB1507 _bC391 2023 |
|
| 080 | _a373.3 | ||
| 082 | 0 | 4 |
_a372 _223 |
| 100 | 1 |
_aCeiro Catasú, Wilma, _eautora. |
|
| 245 | 1 | 3 |
_aLa educación inicial y su influencia en la dimensión bio-psico-social infantil / _cWilma Ceiro Catasú, Mónica Elizabeth Masaquiza Masaquiza, Nancy Cristina Mera Ramos, Diana Carolina Bonilla Romero, Carla Belén Santana Jácome, Martha Cecilia Cueva, Verónica Elizabet Barragán Moyano, Jazmina Azucena Moya Arteaga, Verónica del Rocío Bohórquez Guamán. |
| 264 | 1 |
_aTexas : _bEditorial Tecnocientifica Americana, _c2023. |
|
| 300 | _a1 recurso en línea (182 páginas) | ||
| 336 |
_atexto _btxt _2rdacontent/spa |
||
| 337 |
_acomputadora _bc _2rdamedia/spa |
||
| 338 |
_arecurso en línea _bcr _2rdacarrier/spa |
||
| 500 | _aIncluye índice. | ||
| 588 | _aDescripción basada en metadatos suministrados por el editor y otras fuentes. | ||
| 590 | _aRecurso electrónico. Santa Fe, Arg.: elibro, 2023. Disponible vía World Wide Web. El acceso puede estar limitado para las bibliotecas afiliadas a elibro. | ||
| 650 | 4 |
_aEducación inicial _xInvestigación. |
|
| 655 | 4 | _aLibros electrónicos. | |
| 700 | 1 |
_aCueva, Martha Cecilia, _eautora. |
|
| 700 | 1 |
_aMera Ramos, Nancy Carolina, _eautora. |
|
| 700 | 1 |
_aBonilla Romero, Diana Carolina, _eautora. |
|
| 797 | 2 | _aelibro, Corp. | |
| 856 | 4 | 0 | _uhttps://elibro.net/ereader/politecnicointernacional/230112 |
| 999 |
_c130006 _d130006 |
||